| 000 | 00607nam a22001937a 4500 | ||
|---|---|---|---|
| 005 | 20141211113249.0 | ||
| 010 | _aENG-111387 | ||
| 020 |
_a9789380036502 _c250.00 |
||
| 035 | _aEN-94919 | ||
| 037 | _bDBAD/PUB | ||
| 082 | _aN | ||
| 100 | _aChakravarti, Anirudhalal | ||
| 245 |
_aFrom company to crown : _cby Anirudhalal Chakravarti _ba portrait of life in East India comapany times in India / |
||
| 260 |
_aKolkata _bMitram _c2014 |
||
| 270 |
_a37A, College Street _bKolkata _e700073 |
||
| 300 |
_a303p. _c23cm(Hb) |
||
| 500 | _aIncludes bibliographical references and index | ||
| 942 |
_2ddc _cEN _mCHA _hN |
||
| 999 |
_c90311 _d90311 |
||